00774 a2200193 45000010006000000050017000060080041000230030015000640400040000790800023001192450056001422500012001982640064002103000017002745050230002910410008005211000024005297000027005534233020260407155713.0260407a1959 arg spa dAR-UNSa-BCEJYS aAR-UNSa-BCEJYSbspacAR-UNSa-BCEJYS a347xDerecho Civil10aTratado de derecho civil argentinopderechos reales a4a. ed. 1aBuenos Aires :bTEA (Tipográfica Editora Argentina)c1959 a4 v.c23 cm. aVol. III: Del condominio, desmembración de la propiedad, acciones reales -- Vol. IV: Derechos reales de garantía, Publicidad de los derechos reales. Privilegios. Derecho de retención. Leyes que rigen los derechos reales aspa1 aSalvat, Raymundo M.1 aArgañaras, Manuel J.